| 000 | 00519nam a22001817a 4500 | ||
|---|---|---|---|
| 003 | PILC | ||
| 005 | 20160201140455.0 | ||
| 008 | 141110b xxu||||| |||| 00| 0 eng d | ||
| 020 | _a9789814624121 | ||
| 050 |
_aBF 121 _b.R188 2014 |
||
| 100 | _aRathus, Spencer A. | ||
| 245 |
_aPsychology / _cSpencer A. Rathus. |
||
| 260 |
_aPasig City, Philippines : _bCengage Learning, _c2014. |
||
| 300 |
_a1 (various paging) : _billustrations ; _c26 cm. |
||
| 521 | _aPsychology | ||
| 650 | _aPsychology. | ||
| 942 |
_2lcc _cBK _kFOR |
||
| 999 |
_c276778 _d276778 |
||